Every Major City in Czechia Slovakia And Hungary - Statistics

General Stats
  • This quiz has been taken 22 times
  • The average score is 5 of 6
Answer Stats
Answer % Correct
Budapest
95%
Prague
95%
Bratislava
91%
Brno
91%
Ostrava
73%
Debrecen
68%
No matching quizzes found
Score Distribution
Percent of People with Each Score
Percentile by Number Answered
Your Score History
You have not taken this quiz